[Event "CRO-chT3 West"]
[Site "Croatia"]
[Date "2020.09.13"]
[Round "3.1"]
[White "Dimitrijevic, Sinisa"]
[Black "Vukovic, Nikola"]
[Result "1/2-1/2"]
[WhiteElo "2036"]
[BlackElo "2143"]
[PlyCount "49"]
[EventDate "2020.09.12"]
[EventType "team-tourn"]
[EventRounds "9"]
[EventCountry "CRO"]
[SourceTitle "EXT 2022"]
[Source "ChessBase"]
[SourceDate "2021.10.06"]
[SourceVersion "1"]
[SourceVersionDate "2021.10.06"]
[SourceQuality "1"]
[WhiteTeam "Kraljevica"]
[BlackTeam "Pula II"]
[WhiteTeamCountry "CRO"]
[BlackTeamCountry "CRO"]

1. d4 d5 2. Nf3 Nf6 3. c4 c6 4. Nc3 g6 5. cxd5 cxd5 6. e3 Bg7 7. Bb5+ Nbd7 8. 0-0 0-0 9. b3 a6 10. Be2 b6 11. Bb2 Bb7 12. Rc1 Rc8 13. Qd2 Ne4 14. Nxe4 dxe4 15. Rxc8 Bxc8 16. Ng5 Nf6 17. Qc2 Qd5 18. f4 exf3 19. Nxf3 Bf5 20. Bd3 Rc8 21. Qe2 Bxd3 22. Qxd3 Qe4 23. Qxe4 Nxe4 24. Rc1 Rxc1+ 25. Bxc1 1/2-1/2

[Event "CRO-chT3 West"]
[Site "Croatia"]
[Date "2017.03.26"]
[Round "2.4"]
[White "Vujnovic, Patricija"]
[Black "Dimitrijevic, Sinisa"]
[Result "1/2-1/2"]
[WhiteElo "2125"]
[BlackElo "2027"]
[PlyCount "59"]
[EventDate "2017.03.25"]
[EventType "team-tourn"]
[EventRounds "9"]
[EventCountry "CRO"]
[SourceTitle "EXT 2019"]
[Source "ChessBase"]
[SourceDate "2018.10.10"]
[SourceVersion "1"]
[SourceVersionDate "2018.10.10"]
[SourceQuality "1"]

1. d4 Nf6 2. Nf3 g6 3. c4 Bg7 4. Nc3 0-0 5. Bg5 h6 6. Bh4 d6 7. Qc2 c5 8. e3 Nc6 9. dxc5 dxc5 10. Rd1 Qa5 11. Qa4 Qxa4 12. Nxa4 b6 13. Bd3 Nb4 14. Bb1 Be6 15. b3 Rad8 16. Ke2 g5 17. Bg3 Bg4 18. h3 Bxf3+ 19. gxf3 Nc6 20. Bc2 Rxd1 21. Rxd1 Rd8 22. Rxd8+ Nxd8 23. a3 Nd7 24. Kd2 Be5 25. Nc3 Kf8 26. Nb5 a5 27. Nc3 e6 28. Na4 Bxg3 29. fxg3 Ke7 30. Nc3 1/2-1/2

[Event "CRO-chT3 West"]
[Site "Croatia"]
[Date "2011.11.06"]
[Round "8.11"]
[White "Dimitrijevic, Sinisa"]
[Black "Pavkovic, Mario"]
[Result "1-0"]
[WhiteElo "2100"]
[BlackElo "2154"]
[PlyCount "53"]
[EventDate "2011.03.12"]
[EventType "team-tourn"]
[EventRounds "9"]
[EventCountry "CRO"]
[SourceTitle "EXT 2014"]
[Source "ChessBase"]
[SourceDate "2013.11.20"]
[SourceVersion "1"]
[SourceVersionDate "2013.11.20"]
[SourceQuality "1"]

1. d4 b6 2. Nf3 Bb7 3. e3 e6 4. Bd3 f5 5. 0-0 Nf6 6. b3 Be7 7. Bb2 0-0 8. Nbd2 c5 9. Qe2 Nc6 10. c4 Qc7 11. Rad1 g6 12. Bb1 d6 13. dxc5 dxc5 14. e4 Rad8 15. exf5 exf5 16. Qe6+ Kg7 17. Rfe1 Qd6 18. Qe2 Rfe8 19. Nf1 Qb8 20. Qc2 Kf7 21. Ng5+ Kg8 22. Rxe7 Rxe7 23. Bxf6 Nb4 24. Rxd8+ Qxd8 25. Qc1 Qd6 26. Bxe7 Qxe7 27. Qe3 1-0

[Event "CRO-chT3 West"]
[Site "Croatia"]
[Date "2011.11.05"]
[Round "7.11"]
[White "Sercer, Zoran"]
[Black "Dimitrijevic, Sinisa"]
[Result "1/2-1/2"]
[WhiteElo "2099"]
[BlackElo "2100"]
[PlyCount "87"]
[EventDate "2011.03.12"]
[EventType "team-tourn"]
[EventRounds "9"]
[EventCountry "CRO"]
[SourceTitle "EXT 2014"]
[Source "ChessBase"]
[SourceDate "2013.11.20"]
[SourceVersion "1"]
[SourceVersionDate "2013.11.20"]
[SourceQuality "1"]

1. e4 e6 2. d4 d5 3. Nc3 Bb4 4. e5 Ne7 5. a3 Bxc3+ 6. bxc3 c5 7. Qg4 0-0 8. Nf3 Nbc6 9. Bd3 f6 10. exf6 Rxf6 11. Bg5 e5 12. Qg3 Rxf3 13. gxf3 c4 14. Be2 Qa5 15. Bd2 Nf5 16. Qg5 h6 17. Qg6 Bd7 18. Rg1 Nce7 19. Qg2 g6 20. dxe5 Re8 21. f4 Bc6 22. Qh3 Kh7 23. Bg4 Bd7 24. Qg2 Nc8 25. h4 Nxh4 26. Qh3 Nf5 27. Rh1 Nce7 28. Rh2 Ng8 29. Kd1 Be6 30. Ke2 Ng7 31. f5 Bxf5 32. Rg1 Rxe5+ 33. Kf1 Bxg4 34. Qxg4 Qb6 35. Qf4 Rf5 36. Rxh6+ Nxh6 37. Qxh6+ Kg8 38. Be3 Qb1+ 39. Kg2 Qxc2 40. Bd4 Qe4+ 41. Kf1 Qd3+ 42. Kg2 Qf3+ 43. Kf1 Qd3+ 44. Kg2 1/2-1/2

[Event "CRO-chT3 West"]
[Site "Croatia"]
[Date "2011.03.13"]
[Round "3.11"]
[White "Mandekic, Ivan"]
[Black "Dimitrijevic, Sinisa"]
[Result "1-0"]
[WhiteElo "2297"]
[BlackElo "2100"]
[PlyCount "48"]
[EventDate "2011.03.12"]
[EventType "team-tourn"]
[EventRounds "9"]
[EventCountry "CRO"]
[SourceTitle "EXT 2014"]
[Source "ChessBase"]
[SourceDate "2013.11.20"]
[SourceVersion "1"]
[SourceVersionDate "2013.11.20"]
[SourceQuality "1"]

1. c4 Nf6 2. Nf3 g6 3. g3 Bg7 4. Bg2 0-0 5. 0-0 c5 6. Nc3 Nc6 7. d3 a6 8. Rb1 Rb8 9. a3 b5 10. cxb5 axb5 11. b4 cxb4 12. axb4 Ne8 13. d4 Nd6 14. Bf4 Qb6 15. Nd5 Qb7 16. Nxe7+ Nxe7 17. Bxd6 Re8 18. Ng5 Nc6 19. Qb3 Re6 20. Nxe6 fxe6 21. d5 Nd4 22. dxe6 Nxb3 23. Bxb7 Rxb7 24. e7 Kf7 1-0

[Event "CRO-chT3 West"]
[Site "Croatia"]
[Date "2011.03.12"]
[Round "1.11"]
[White "Cherin, Diego"]
[Black "Dimitrijevic, Sinisa"]
[Result "1-0"]
[WhiteElo "2261"]
[BlackElo "2100"]
[PlyCount "47"]
[EventDate "2011.03.12"]
[EventType "team-tourn"]
[EventRounds "9"]
[EventCountry "CRO"]
[SourceTitle "EXT 2014"]
[Source "ChessBase"]
[SourceDate "2013.11.20"]
[SourceVersion "1"]
[SourceVersionDate "2013.11.20"]
[SourceQuality "1"]

1. e4 e6 2. d4 d5 3. Nd2 Nc6 4. Ngf3 Nf6 5. e5 Nd7 6. Nb3 a5 7. a4 Be7 8. Bb5 Ncb8 9. h4 b6 10. Ng5 h6 11. Nxe6 fxe6 12. Qh5+ Kf8 13. Rh3 Ba6 14. Qg6 Bxh4 15. Qxe6 Bxb5 16. axb5 Qe7 17. Qxd5 Ra7 18. Qe4 Bf6 19. Re3 Bg5 20. f4 Qb4+ 21. Bd2 Qxb5 22. fxg5 hxg5 23. 0-0-0 c5 24. Rf3+ 1-0

[Event "CRO-chT3 West"]
[Site "Croatia"]
[Date "2010.04.25"]
[Round "5.21"]
[White "Siljan, Milorad"]
[Black "Dimitrijevic, Sinisa"]
[Result "1-0"]
[WhiteElo "2109"]
[BlackElo "2146"]
[PlyCount "73"]
[EventDate "2010.03.27"]
[EventType "team-tourn"]
[EventRounds "9"]
[EventCountry "CRO"]
[SourceTitle "EXT 2012"]
[Source "ChessBase"]
[SourceDate "2011.11.24"]
[SourceVersion "1"]
[SourceVersionDate "2011.11.24"]
[SourceQuality "1"]

1. e4 e6 2. d4 d5 3. Nc3 Bb4 4. e5 c5 5. Bd2 Ne7 6. a3 Bxc3 7. Bxc3 b6 8. Qg4 Kf8 9. h4 Ba6 10. Ne2 h5 11. Qg5 Nbc6 12. 0-0-0 Nf5 13. Qf4 Qc7 14. Ng3 Bxf1 15. Nxf5 Be2 16. Rd2 exf5 17. Rxe2 cxd4 18. Bxd4 Rh6 19. Qd2 Rg6 20. f4 Rg4 21. Bf2 d4 22. g3 Na5 23. Qd3 Rc8 24. Kb1 Rg6 25. Qxf5 d3 26. Qxd3 Rd8 27. Qf5 Qc6 28. Rhe1 Qb5 29. b3 Nxb3 30. cxb3 Qxb3+ 31. Rb2 Rd1+ 32. Rxd1 Qxd1+ 33. Ka2 Qd5+ 34. Ka1 Rc6 35. Qb1 Rc3 36. Ra2 Qc4 37. Qb4+ 1-0

[Event "CRO-chT3 West"]
[Site "Croatia"]
[Date "2010.04.24"]
[Round "4.51"]
[White "Dimitrijevic, Sinisa"]
[Black "Starcevic, Andrea"]
[Result "1/2-1/2"]
[WhiteElo "2146"]
[BlackElo "1712"]
[PlyCount "127"]
[EventDate "2010.03.27"]
[EventType "team-tourn"]
[EventRounds "9"]
[EventCountry "CRO"]
[SourceTitle "EXT 2012"]
[Source "ChessBase"]
[SourceDate "2011.11.24"]
[SourceVersion "1"]
[SourceVersionDate "2011.11.24"]
[SourceQuality "1"]

1. d4 d5 2. c4 e6 3. Nc3 Nf6 4. cxd5 exd5 5. Bg5 Nbd7 6. e3 c6 7. Bd3 Be7 8. Qc2 0-0 9. Nge2 Re8 10. a3 Ne4 11. Bf4 Ndf6 12. h3 Bd6 13. 0-0 Bf5 14. Bxd6 Qxd6 15. b4 a6 16. Na4 Bg6 17. Nf4 Qc7 18. Rac1 Rac8 19. Nc5 Re7 20. Qb2 Rce8 21. a4 Nxc5 22. Rxc5 Bxd3 23. Nxd3 Ne4 24. Rc2 Nd6 25. Rfc1 Nc4 26. Qb3 Qd6 27. Nc5 f6 28. b5 axb5 29. axb5 Ra8 30. Rxc4 dxc4 31. Qxc4+ Qd5 32. bxc6 Qxc4 33. Rxc4 bxc6 34. Nd3 Rc8 35. Nb4 Rec7 36. Kh2 Kf7 37. Kg3 Ke7 38. d5 c5 39. Nd3 Kd6 40. e4 Rb7 41. f3 Rb3 42. Nc1 Rb4 43. Rc3 c4 44. Kf4 Rb2 45. g3 Rb4 46. Ke3 Ra8 47. Kd4 Ra1 48. f4 Rbb1 49. e5+ fxe5+ 50. fxe5+ Kd7 51. Ne2 Re1 52. e6+ Kd6 53. Re3 Ra7 54. Kxc4 Rc7+ 55. Kd4 Rd1+ 56. Ke4 Rxd5 57. Kf4 Re7 58. Kf3 g5 59. h4 h6 60. hxg5 hxg5 61. Nc3 Ra5 62. Ne4+ Kc7 63. Rc3+ Kd8 64. Rd3+ 1/2-1/2